000 00707na a2200229 4500
001 15524
003 MIRAKIL
005 20181213154754.0
008 161006b tu 000 0
040 _aMilas
_btur
_cTR-AnCHP
041 _atur
082 _a351.72252
_bR79i 2008
090 _a351.72252 R79i 2008
110 _aRadyo ve Televizyon Üst Kurulu (RTÜK)
245 _a2007 yılı kesin hesabı
_cRadyo ve Televizyon Üst Kurulu (RTÜK)
260 _aAnkara
_bRadyo ve Televizyon Üst Kurulu (RTÜK)
_c2008
300 _a46 s.
_btbl.
_c21 sm.
610 _aRadyo Televizyon Üst Kurulu (RTÜK)
650 _aBütçe hesapları
_xRTÜK
651 _aTürkiye
_xRTÜK
_yBütçe
942 _2ddc
_cBKS
999 _c587
_d587